Введение в теорию механических колебаний: учебное пособие

Λεπτομέρειες βιβλιογραφικής εγγραφής
Κύριος συγγραφέας: Пановко Я. Г. Яков Гилелевич
Γλώσσα:Ρωσικά
Έκδοση: Москва, Наука, 1971
Θέματα:
Μορφή: Βιβλίο
KOHA link:https://koha.lib.tpu.ru/cgi-bin/koha/opac-detail.pl?biblionumber=378644

MARC

LEADER 00000nam0a2200000 4500
001 378644
005 20231101054710.0
035 |a (RuTPU)RU\TPU\retro\36101 
035 |a RU\TPU\book\39689 
090 |a 378644 
100 |a 20230607d1971 m y0rusy50 ca 
101 0 |a rus 
102 |a RU 
105 |a a j 001zy 
200 1 |a Введение в теорию механических колебаний  |e учебное пособие  |f Я. Г. Пановко 
210 |a Москва  |c Наука  |d 1971 
215 |a 239 с.  |c ил. 
320 |a Библиогр.: с. 234-236. 
320 |a Предм. указ.: с. 237-239. 
610 1 |a физика 
610 1 |a колебания 
610 1 |a теория 
610 1 |a механические колебания 
610 1 |a учебные пособия 
675 |a 534(075.8)  |v 3 
700 1 |a Пановко  |b Я. Г.  |g Яков Гилелевич 
801 1 |a RU  |b 63413507  |c 20020319  |g PSBO 
801 2 |a RU  |b 63413507  |c 20230607  |g PSBO 
942 |c BK